Statistiques concernant Clubs de football commençant par B

Cliquez ici pour prendre le quiz!

Statistiques générales

  • Ce quiz a été pris 437 fois
  • Le résultat moyen est 12 sur 16

Statistiques - réponses

Réponse% Correct
Bayern Munich
99%
Benfica
96%
Borussia Dortmund
96%
Bayer Leverkusen
90%
Bétis Séville
88%
Brighton
88%
Bologna FC
87%
Beşiktaş JK
84%
Brentford
81%
Boca Juniors
74%
Borussia Mönchengladbach
65%
Boavista Futebol Clube
51%
Benevento
49%
Bodø/Glimt
48%
Botafogo
44%
Bate Borisov
31%

Distribution des résultats

Percentile par nombre de réponses

% des personnes avec chaque résultat

Votre développement - résultats

Vous n’avez pas pris ce quiz